000 00234nam a2200109Ia 4500
008 200302s9999 xx 000 0 und d
100 _aShijing
245 _aStone in Landscape
260 _bXS &TPH
260 _c2005
300 _a187 P.,
999 _c3938
_d3938